<?xml version="1.0" encoding="utf-8"?>
<?xml-stylesheet type='text/xsl' href='./oai2.xsl'?>
<OAI-PMH xmlns="http://www.openarchives.org/OAI/2.0/" xmlns:xsi="http://www.w3.org/2001/XMLSchema-instance" xsi:schemaLocation="http://www.openarchives.org/OAI/2.0/ http://www.openarchives.org/OAI/2.0/OAI-PMH.xsd">
  <responseDate>2026-04-28T05:10:08Z</responseDate>
  <request verb="GetRecord" metadataPrefix="marcxml" identifier="record_kuniweb_2528936">https://kulturerbe.niedersachsen.de/oai</request>
  <GetRecord>
    <record>
      <header>
        <identifier>record_kuniweb_2528936</identifier>
        <datestamp>2025-08-28T09:38:22Z</datestamp>
        <setSpec>slg0285</setSpec>
      </header>
      <metadata>
        <marc:record xmlns:marc="http://www.loc.gov/MARC21/slim" xsi:schemaLocation="http://www.loc.gov/MARC21/slim http://www.loc.gov/standards/marcxml/schema/MARC21slim.xsd">
          <marc:leader>12345nkm  22     uu 4500</marc:leader>
          <marc:controlfield tag="001">2528936</marc:controlfield>
          <marc:controlfield tag="003">http://kuniweb.gbv.de</marc:controlfield>
          <marc:controlfield tag="005">2024-11-25T19:29:03</marc:controlfield>
          <marc:controlfield tag="008">|           ||||||||||||||||||||||</marc:controlfield>
          <marc:datafield tag="245" ind1="1" ind2="0">
            <marc:subfield code="a">Musterblatt 18 der Königshütte - Rosetten und Gitter-Verzierungen</marc:subfield>
          </marc:datafield>
          <marc:datafield tag="655" ind1=" " ind2="7">
            <marc:subfield code="a">Grafik</marc:subfield>
          </marc:datafield>
          <marc:datafield tag="046" ind1=" " ind2=" ">
            <marc:subfield code="k">1860</marc:subfield>
            <marc:subfield code="k">Herstellung der Musterblätter von etwa 1860 bis 1870</marc:subfield>
            <marc:subfield code="l">1870</marc:subfield>
          </marc:datafield>
          <marc:datafield tag="260" ind1=" " ind2=" ">
            <marc:subfield code="g">1860</marc:subfield>
            <marc:subfield code="g">1870</marc:subfield>
            <marc:subfield code="g">Herstellung der Musterblätter von etwa 1860 bis 1870</marc:subfield>
          </marc:datafield>
          <marc:datafield tag="520" ind1=" " ind2=" ">
            <marc:subfield code="a">Die Musterblätter – vier verschiedene Kategorien, genannt Abteilungen (Abt.) - hatten ein Format von etwa DIN A4, waren überwiegend in schwarz-weiß gedruckt und dienten der Präsentation des jeweiligen Objekts zu Verkaufszwecken.
 (Förderkreis Königshütte Bad Lauterberg e.V.)

Aufdruck:
Supplementblatt zur Abth. III des Musterbuchs No 18 Rosetten und Gitter-Verzierungen – No. 1 bis 12 Die Rosetten sind jeweils mit Maßen versehen (hoch und breit) No 1 – Gewicht 10 Pfund – Preis pro Stück 21 ggr No 2 – Gewicht 2¼ Pfund – Preis pro Stück 6 ggr No 3 – Gewicht 9½ Pfund – Preis pro Stück 1 rthlr No 4 – Gewicht ¼ Pfund – Preis pro Stück 1 ggr 6 Pfennig No 5 – Gewicht ¼ Pfund – Preis pro Stück 1 ggr 6 Pfennig No 6 – Gewicht 2¼ Pfund – Preis pro Stück 6 ggr No 7 – Gewicht 2½ Pfund – Preis pro Stück 8 ggr No 8 – Gewicht 1½ Pfund – Preis pro Stück 5 ggr No 9 – Gewicht ½ Pfund – Preis pro Stück 2 ggr 6 Pfennig No 10 – Gewicht 1 Pfund – Preis pro Stück 3 ggr 6 Pfennig No 11 – Gewicht 1 Pfund – Preis pro Stück 4 ggr No 12 – Gewicht ½ Pfund – Preis pro Stück 2 ggr 6 Pfennig Werden auf Verlangen mit den zum Einsetzen erforderlichen Draht- oder Stabeisenstiften versehen und ist bei der Bestellung nur anzumerken, wo sie angebracht werden und wie stark sie sein sollen Lithographie bei Schweiger, Clausthal Guss und Verkauf zu KÖNIGSHÜTTE

Verwendungszweck:
entspricht einem heutigen Verkaufskatalog

Literatur in Zusammenhang:
Onlineprinters https://www.onlineprinters.de/magazin/lithographie</marc:subfield>
          </marc:datafield>
          <marc:datafield tag="650" ind1="1" ind2=" ">
            <marc:subfield code="a">Musterblatt</marc:subfield>
          </marc:datafield>
          <marc:datafield tag="650" ind1="1" ind2=" ">
            <marc:subfield code="a">Verzierung</marc:subfield>
          </marc:datafield>
          <marc:datafield tag="650" ind1="1" ind2=" ">
            <marc:subfield code="a">Grafik, Fotografie &gt; Druckgrafik</marc:subfield>
          </marc:datafield>
          <marc:datafield tag="650" ind1="1" ind2=" ">
            <marc:subfield code="a">Handel</marc:subfield>
          </marc:datafield>
          <marc:datafield tag="773" ind1="0" ind2=" ">
            <marc:subfield code="t">Musterblätter - Rosetten und Gitterverzierungen, Gitterwerke und mehr</marc:subfield>
          </marc:datafield>
          <marc:datafield tag="852" ind1=" " ind2=" ">
            <marc:subfield code="a">Industriedenkmal Königshütte Bad Lauterberg im Harz</marc:subfield>
          </marc:datafield>
          <marc:datafield tag="852" ind1=" " ind2=" ">
            <marc:subfield code="a">Clausthal-Zellerfeld (Goslar, Niedersachsen)</marc:subfield>
          </marc:datafield>
          <marc:datafield tag="852" ind1=" " ind2=" ">
            <marc:subfield code="a">Bad Lauterberg im Harz (Göttingen, Niedersachsen)</marc:subfield>
          </marc:datafield>
          <marc:datafield tag="" ind1=" " ind2=" ">
            <marc:subfield code="a">Namensnennung - Nicht kommerziell - Keine Bearbeitungen 4.0 International (CC BY-NC-ND 4.0)</marc:subfield>
          </marc:datafield>
        </marc:record>
      </metadata>
    </record>
  </GetRecord>
</OAI-PMH>
